000 00417nam a2200145Ia 4500
005 20260328101452.0
008 260328s9999||||xx |||||||||||||| ||und||
100 _aDe la Maza, Francisco
245 0 _aDel Neoclásico al Art Nouveau y primer Viaje a Europa :
_b Dos Estudios inéditos /
_cFrancisco De la Maza
250 _a1a ed.
260 _bSepsetentas
300 _a191 p.
650 _aART NOUVEAU
942 _cBK
999 _c8714
_d8714